Arrondissements qui touchent une frontière ou un littoral- carte - Statistiques

Statistiques générales
  • Ce quiz a été pris 111 fois
    52 depuis la dernière actualisation
  • Le résultat moyen est 72 sur 110
Réponses sur la Carte
Les réponses sont colorées sur une échelle allant du rouge au vert en fonction du pourcentage des utilisateurs qui les ont devinées à leur premier essai. Vous pouvez retrouver ces pourcentages ci-dessous.
 
Statistiques - réponses
Arrondissement % Correct
Marseille
95%
Ajaccio
93%
Bastia
93%
Brest
93%
Calais
93%
Dunkerque
93%
Nice
93%
Toulon
93%
Bordeaux
90%
La Rochelle
90%
Lille
90%
Montpellier
90%
Perpignan
90%
Quimper
90%
Strasbourg
90%
Bayonne
88%
Cayenne
88%
Cherbourg-en-Cotentin
88%
Le Havre
88%
Saint-Denis
88%
Belfort
86%
Colmar
86%
Mulhouse
86%
Caen
83%
Mamoudzou
83%
Mont-de-Marsan
83%
Narbonne
83%
Nîmes
83%
Saint-Malo
83%
Saint-Nazaire
83%
Vannes
83%
Basse-Terre
81%
Béziers
81%
Saint-Lô
81%
Calvi
79%
Fort-de-France
79%
Lorient
79%
Saint-Brieuc
79%
Saint-Paul
79%
Arcachon
76%
Boulogne-sur-Mer
76%
Dieppe
76%
Foix
76%
Les Sables-d'Olonne
76%
Saint-Pierre
76%
Charleville-Mézières
74%
Pointe-à-Pitre
74%
Corte
71%
Saint-Laurent-du-Maroni
71%
Thonon-les-Bains
71%
Valenciennes
71%
Arles
69%
Briançon
64%
Dax
64%
Grasse
64%
Lannion
64%
Saintes
64%
Thionville
64%
Bayeux
62%
Istres
62%
Verdun
62%
Barcelonnette
60%
Gex
60%
Pontarlier
60%
Sedan
60%
Forbach
57%
Montbéliard
57%
Draguignan
55%
Haguenau
55%
Morlaix
55%
Abbeville
52%
Albertville
52%
Avranches
52%
Douai
52%
Oloron-sainte-Marie
52%
Saint-Jean-de-Maurienne
52%
Sarreguemines
52%
Sartène
52%
Sélestat
52%
Rochefort
50%
Saint-Julien-en-Genevois
50%
Argelès-Gazost
48%
Saint-Omer
48%
Bagnères-de-Bigorre
45%
Lesparre-Médoc
45%
Saint-Gaudens
45%
Thann
45%
Bernay
43%
Blaye
43%
Céret
43%
Coutances
43%
Dinan
43%
Lisieux
43%
Montreuil
43%
Prades
43%
Saint-Claude
43%
Altkirch
40%
Avesnes-sur-Helpe
40%
Bonneville
40%
Châteaulin
40%
Fontenay-le-Comte
38%
Jonzac
33%
Saint-Benoît
33%
Saint-Girons
31%
Val-de-Briey
31%
Vervins
31%
La Trinité
26%
Le Marin
26%
Saint-Georges
26%
Aucun quiz correspondant
Distribution des résultats
% des personnes avec chaque résultat
Percentile par nombre de réponses
Votre historique - résultats
Vous n’avez pas pris ce quiz depuis la dernière actualisation